Normal view
MARC view
Entry Personal Name
001 - CONTROL NUMBER
- control field: 58519
003 - CONTROL NUMBER IDENTIFIER
- control field: dpl
005 - DATE AND TIME OF LATEST TRANSACTION
- control field: 20231109120702.0
008 - FIXED-LENGTH DATA ELEMENTS
- fixed length control field: 231109|| aca||aabn | a|a d
040 ## - CATALOGING SOURCE
- Original cataloging agency: dpl
- Transcribing agency: dpl
100 ## - HEADING--PERSONAL NAME
- Personal name: शर्मा ,सत्यनारायण
670 ## - SOURCE DATA FOUND
- Source citation: Work cat.: (dpl)198922: शर्मा ,सत्यनारायण, क्रांतिकारी दुर्गा भाभी/, 2021
